Cyclisme belge - Le Grand Quiz - Statistiques

Statistiques générales
  • Ce quiz a été pris 66 fois
  • Le résultat moyen est 13 sur 30
Statistiques - réponses
Coureurs/Coureuses emblématiques Réponse % Correct
Avec ces 11 grands tours et 19 monuments, beaucoup le considèrent comme le meilleur cycliste de l'histoire. Eddy Merckx
100%
Milan-San Remo est le seul monument qui manque à ce coureur liégeois. Philippe Gilbert
84%
Ce coureur né à Mol a remporté 4 Paris-Roubaix, 3 Tour des Flandres, et le Championnat du monde entre 2005 et 2012. Tom Boonen
84%
Elle a remporté les championnats du monde sur route en 2023 et 2024. Lotte Kopecky
70%
Créée en 2003 - Equipe masculine Soudal Quick-Step
68%
Il est le dernier belge vainqueur d'un grand tour. Remco Evenepoel
65%
1958 et 2019 Bruxelles
54%
Dernier dimanche d'avril (Monument) Liège-Bastogne-Liège
54%
Premier dimanche d'avril (Monument) Tour des Flandres
54%
Mercredi fin d'avril Flèche Wallonne
53%
Il a remporté plus d'étapes qu'Eddy Merckx au Tour de France. Mark Cavendish
51%
2004 et 2012 Liège
42%
Mercredi mi-avril (non World Tour) Flèche Brabançonne
39%
Dernier samedi de février Omloop Het Nieuwsblad
39%
Le 16 avril 2019, il bat le record de l'heure en parcourant 55,089 kilomètres. Victor Campenaerts
39%
Vendredi fin avril Grand prix E3 Harelbeke
37%
Il a remporté plus de maillots à pois du Tour de France que Lucien Van Impe. Richard Virenque
37%
Créée en 2019 - Equipe féminine AG Insurance-Soudal Team
35%
Créée en 2009 - Equipe masculine Alpecin-Deceuninck
35%
Mercedi entre mars et avril A travers la Flandre
28%
Créée en 2008 - Equipe masculine Intermarché-Wanty
28%
Dernier dimanche d'avril Gand Wevelgem
26%
Dernier dimanche de février Kuurne-Bruxelles-Kuurne
26%
Elle a remporté plus de titres de championne du monde sur route qu'Yvonne Reynders. Jeannie Longo
25%
En 2024, elle a remporté le classement de la montagne du Giro d'Italie et du Tour de France. Justine Ghekiere
25%
1975 Charleroi
23%
Il est le coureur a avoir remporté le plus d'étapes sur un même grand tour(13 victoires d'étape sur la Vuelta 1977). Freddy Maertens
21%
Créée en 2020 - Equipe féminine Fenix-Deceuninck
9%
Record de titres nationaux sur route - hommes (4 titres) Tom Steels
5%
Record de titres nationaux sur route - femmes (5 titres) Nicole Vandenbroeck
4%
Aucun quiz correspondant
Distribution des résultats
% des personnes avec chaque résultat
Percentile par nombre de réponses
Votre historique - résultats
Vous n’avez pas pris ce quiz